000
00221nam a22001097a 4500
041
_a
ENG
245
_a
Machinery Management
260
_a
U.S.A
_b
John Deere
_c
1996
300
_a
184
650
_a
FMP
856
_u
FMP ( 04 )
999
_c
1461
_d
1461